El amor, las mujeres y la muerte (Record no. 29471)

MARC details
000 -LEADER
campo de control de longitud fija 00978mc a2200313a 44500
001 - NÚMERO DE CONTROL
campo de control NM030164
003 - IDENTIFICADOR DE NÚMERO DE CONTROL
campo de control RG CODE MARC
008 - DATOS DE LONGITUD FIJA--INFORMACIÓN GENERAL
campo de control de longitud fija 55020simpr ||||||||||||||000 | spa||
005 - FECHA Y HORA DE LA ÚLTIMA TRANSACCIÓN
campo de control 20251028183344.0
020 ## - NÚMERO INTERNACIONAL ESTÁNDAR DEL LIBRO
Número Internacional Estándar del Libro 987-1093-49-7
040 ## - FUENTE DE CATALOGACIÓN
Centro catalogador/agencia de origen ORG CODE MARC
100 ## - ENTRADA PRINCIPAL--NOMBRE DE PERSONA
Nombre de persona Schopenhauer, Arthur
Fechas asociadas al nombre 1788-1860
9 (RLIN) 40997
245 ## - MENCIÓN DEL TÍTULO
Título El amor, las mujeres y la muerte
Mención de responsabilidad, etc. Arthur Schopenhauer
260 ## - PUBLICACIÓN, DISTRIBUCIÓN, ETC.
Lugar de publicación, distribución, etc. Buenos Aires
Nombre del editor, distribuidor, etc. Gradifco
300 ## - DESCRIPCIÓN FÍSICA
Extensión 127 p.
Otras características físicas 19 cm.
490 ## - MENCIÓN DE SERIE
Mención de serie Pensadores universales
500 ## - NOTA GENERAL
Nota general Estudio preliminar y traducción por: Sergio Albano
505 ## - NOTA DE CONTENIDO CON FORMATO
Título El amor
505 ## - NOTA DE CONTENIDO CON FORMATO
Título Las mujeres
505 ## - NOTA DE CONTENIDO CON FORMATO
Título La muerte
505 ## - NOTA DE CONTENIDO CON FORMATO
Título Dolores del mundo
505 ## - NOTA DE CONTENIDO CON FORMATO
Título El arte
505 ## - NOTA DE CONTENIDO CON FORMATO
Título La moral - I. El egoísmo - II. La conmiseración - III. Resignación, renunciamiento, ascetismo y liberación
505 ## - NOTA DE CONTENIDO CON FORMATO
Título La religión
505 ## - NOTA DE CONTENIDO CON FORMATO
Título La política
505 ## - NOTA DE CONTENIDO CON FORMATO
Título El hombre y la sociedad
505 ## - NOTA DE CONTENIDO CON FORMATO
Título Carácter de los diferentes pueblos
942 ## - ELEMENTOS DE ENTRADA SECUNDARIOS (KOHA)
Tipo de ítem Koha Colección General
Holdings
Estatus retirado Estado de pérdida Estado de daño No para préstamo Biblioteca de origen Biblioteca actual Fecha de adquisición Total de préstamos Código de barras Visto por última vez Precio de reemplazo Tipo de ítem Koha
        Biblioteca Pluis Biblioteca Pluis 28/10/2025   047039 28/10/2025 28/10/2025 Colección General